000 00725nam a2200205Ii 4500
003 JO-AjNU
008 230605s9999||||xx |||||||||||||| ||und||
040 _aJO-AjNU
_bara
_erda
_cJO-AjNU
041 _aara
050 1 4 _aBP161.2.T37 1992
100 3 _aالطرابلسي، عبد المجيد,
_eauthor
_913768
245 0 0 _aالإسلام دين التكافل والإستصلاح: رسالة دكتوراه فلسفة
250 _aط1
264 3 1 _aد.م: المؤلف، 1992
300 _a152ص
336 _atext
_btxt
_2rdacontent
337 _aunmediated
_bn
_2rdamedia
338 _avolume
_bnc
_2rdacarrier
650 4 _aالاسلام والاصلاح الاجتماعي- التأمين الاجتماعي
_913769
999 _aA3513
_c7081
_d7081